000 00850nam a2200241Ia 4500
003 OSt
005 20220923221949.0
006 a|||||r|||| 00| 0
007 ta
008 220922b |||||||| |||| 00| 0 hin d
024 _a201,345
037 _cTextual
040 _aARTS
_cARTS
_bhin
041 _2hin
_ahin
082 _aV2:51xM89:g, 152N1
100 _aशर्मा, वेदव्रत
_9156279
245 0 _aजवाहर लाल नेहरू
_b एक समाजवादी दार्शनिक
246 _aJavāhar lāl neharū: ek samājavādī dārshanika
260 _aइन्दौर
_b लक्ष्मी प्रकाशन
_c1991
300 _a11 303पृ.
_ccm.
942 _hV2:51xM89:g, 152N1
_cTEXL
_2CC
999 _c352998
_d352998